[Event "NAYCC U16"]
[Site "Montreal CAN"]
[Date "2010.08.17"]
[Round "4"]
[White "Fikiet, Alex"]
[Black "Fisher, William"]
[Result "0-1"]
[WhiteElo "2223"]
[BlackElo "2165"]
[PlyCount "42"]
[EventDate "2010.08.16"]
[EventType "swiss"]
[EventRounds "7"]
[EventCountry "CAN"]

1. d4 Nf6 2. c4 e6 3. Nc3 Bb4 4. Qc2 d5 5. a3 Bxc3+ 6. Qxc3 Ne4 7. Qc2 c5 8.
dxc5 Nc6 9. Nf3 Qa5+ 10. Nd2 Nd4 11. Qd3 e5 12. b4 Qa4 13. Nxe4 dxe4 14. Qd1
Nc2+ 15. Kd2 e3+ 16. Kc3 Bf5 17. Bxe3 Rd8 18. Bd2 O-O 19. Ra2 a5 20. b5 Rxd2
21. Qxd2 Nxa3 0-1

[Event "NAYCC U16"]
[Site "Montreal CAN"]
[Date "2010.08.17"]
[Round "4"]
[White "Gusev, Nikita"]
[Black "Xiong, Jerry"]
[Result "1/2-1/2"]
[WhiteElo "2254"]
[BlackElo "2294"]
[PlyCount "55"]
[EventDate "2010.08.16"]
[EventType "swiss"]
[EventRounds "7"]
[EventCountry "CAN"]

1. e4 c5 2. Ne2 d6 3. Nbc3 g6 4. g3 Bg7 5. Bg2 Nc6 6. O-O e6 7. d3 Nge7 8. f4
O-O 9. g4 f5 10. gxf5 exf5 11. Kh1 Be6 12. Nd5 Rc8 13. a4 b6 14. c3 Bxd5 15.
exd5 Nb8 16. c4 Kh8 17. Qc2 Ng8 18. Bd2 Nf6 19. h3 Qd7 20. Ng3 Rce8 21. Rae1
Na6 22. b3 Nc7 23. Bc3 Kg8 24. Qb2 Rxe1 25. Rxe1 Re8 26. Qd2 Rxe1+ 27. Qxe1 Qe8
28. Bf3 1/2-1/2

[Event "NAYCC U16"]
[Site "Montreal CAN"]
[Date "2010.08.17"]
[Round "4"]
[White "Hinson, Miles"]
[Black "Gladstone, Simon"]
[Result "1/2-1/2"]
[WhiteElo "2103"]
[BlackElo "1739"]
[PlyCount "51"]
[EventDate "2010.08.16"]
[EventType "swiss"]
[EventRounds "7"]
[EventCountry "CAN"]

1. e4 e6 2. d4 d5 3. exd5 exd5 4. c4 Nc6 5. Be3 Nf6 6. Bd3 Bb4+ 7. Nc3 O-O 8.
Nge2 Be6 9. c5 Qd7 10. O-O Bxc3 11. bxc3 Bf5 12. Ng3 Bxd3 13. Qxd3 Rfe8 14. f3
Na5 15. Rfe1 Nc4 16. Bg5 Rxe1+ 17. Rxe1 Re8 18. Qf1 Rxe1 19. Qxe1 Qe8 20. Kf1
Qxe1+ 21. Kxe1 Ne8 22. Nf5 c6 23. Ke2 f6 24. Bf4 Kf7 25. Kd3 g6 26. Ne3 1/2-1/2

[Event "NAYCC U16"]
[Site "Montreal CAN"]
[Date "2010.08.17"]
[Round "4"]
[White "Kleinman, Michael"]
[Black "Calugar, Arthur"]
[Result "0-1"]
[WhiteElo "2299"]
[BlackElo "2399"]
[PlyCount "102"]
[EventDate "2010.08.16"]
[EventType "swiss"]
[EventRounds "7"]
[EventCountry "CAN"]

1. e4 c5 2. Nc3 d6 3. Nf3 Nf6 4. d4 cxd4 5. Nxd4 Nc6 6. Bc4 Qb6 7. Nxc6 bxc6 8.
O-O e6 9. Qe2 Bb7 10. Be3 Qc7 11. Rfd1 Be7 12. Bb3 O-O 13. Bf4 Rad8 14. Rd2 Qa5
15. Rad1 d5 16. exd5 cxd5 17. Be5 Nd7 18. Nxd5 exd5 19. Bxg7 Kxg7 20. Qxe7 Rde8
21. Qg5+ Kh8 22. c3 Re5 23. Qg4 Nf6 24. Qf4 Re6 25. Re2 Qa6 26. Rxe6 Qxe6 27.
g3 Re8 28. Qc7 Qe7 29. Qf4 Qe5 30. Qxe5 Rxe5 31. Kf1 Ba6+ 32. Kg2 Re2 33. Rd4
Rxb2 34. Ra4 Bd3 35. g4 Ne4 36. Bxd5 Nxc3 37. Rxa7 Nxd5 38. Rxf7 Rxa2 39. Kg3
Bg6 40. Rf3 Kg7 41. Rb3 Ra4 42. f3 Kf6 43. Rb2 Ra3 44. Re2 Nc7 45. h4 Ne6 46.
h5 Nd4 47. Rf2 Be4 48. Rb2 Rxf3+ 49. Kh4 Rb3 50. Ra2 Nf3+ 51. Kg3 Ng5+ 0-1

[Event "NAYCC U16"]
[Site "Montreal CAN"]
[Date "2010.08.17"]
[Round "4"]
[White "Langlois-Remillard, Alexis"]
[Black "Cote-Lalumiere, Tristan"]
[Result "0-1"]
[WhiteElo "1090"]
[BlackElo "1608"]
[PlyCount "80"]
[EventDate "2010.08.16"]
[EventType "swiss"]
[EventRounds "7"]
[EventCountry "CAN"]

1. c4 Nf6 2. g3 c6 3. Bg2 d5 4. cxd5 cxd5 5. d4 Bf5 6. Qb3 Qc8 7. Nc3 e6 8. Nf3
a6 9. Bf4 b5 10. Rc1 Qb7 11. a3 Nc6 12. O-O Be7 13. Na4 Ne4 14. Nc5 Nxc5 15.
dxc5 O-O 16. Qc3 Rfc8 17. b4 Be4 18. Rfd1 a5 19. Qb3 axb4 20. axb4 Ra4 21. Bd2
Rca8 22. Ne1 Ra3 23. Qb2 Ra2 24. Qb3 R8a3 25. Qxa3 Rxa3 26. Bxe4 dxe4 27. Rb1
h6 28. Nc2 Ra2 29. Ne3 Nd4 30. Kf1 Nf5 31. Ng2 Bg5 32. Bc3 e3 33. f4 Bf6 34.
Bxf6 gxf6 35. Rbc1 Rd2 36. Re1 Qc6 37. Ra1 h5 38. h4 Nxg3+ 39. Kg1 Nxe2+ 40.
Kh2 Nxf4 0-1

[Event "NAYCC U16"]
[Site "Montreal CAN"]
[Date "2010.08.17"]
[Round "4"]
[White "Qin, Kai Long"]
[Black "Li, Ruokai (David)"]
[Result "0-1"]
[WhiteElo "1139"]
[BlackElo "1597"]
[PlyCount "28"]
[EventDate "2010.08.16"]
[EventType "swiss"]
[EventRounds "7"]
[EventCountry "CAN"]

1. e4 e6 2. d4 d5 3. e5 c5 4. c3 Nc6 5. Bb5 Bd7 6. Bxc6 bxc6 7. f4 Nh6 8. Nf3
Nf5 9. Nbd2 cxd4 10. cxd4 c5 11. Nb3 c4 12. g4 Nh4 13. Nbd2 Ng2+ 14. Kf1 Ne3+
0-1

[Event "NAYCC U16"]
[Site "Montreal CAN"]
[Date "2010.08.17"]
[Round "4"]
[White "Sapozhnikov, Roman"]
[Black "Ng, Andrew"]
[Result "1-0"]
[WhiteElo "2416"]
[BlackElo "2200"]
[PlyCount "119"]
[EventDate "2010.08.16"]
[EventType "swiss"]
[EventRounds "7"]
[EventCountry "CAN"]

1. e4 c5 2. Nf3 d6 3. d4 cxd4 4. Nxd4 Nf6 5. Nc3 g6 6. Be3 Bg7 7. f3 O-O 8. Qd2
Nc6 9. O-O-O d5 10. exd5 Nxd5 11. Nxc6 bxc6 12. Nxd5 cxd5 13. Qxd5 Qc7 14. Qc5
Qb7 15. Qa3 Bf5 16. Bd3 Rab8 17. b3 Rfc8 18. Bxf5 gxf5 19. Rd3 Qc6 20. c4 Qf6
21. Rhd1 a5 22. Bd4 Qg5+ 23. Be3 Qxg2 24. Bd2 Qe2 25. Re3 Qxh2 26. Qxe7 a4 27.
Qg5 axb3 28. axb3 Rd8 29. Bc3 f6 30. Qxf5 Rxd1+ 31. Kxd1 Qg1+ 32. Re1 Rd8+ 33.
Kc2 Qf2+ 34. Kb1 h6 35. c5 Rb8 36. Qd5+ Kh7 37. Re7 Qf1+ 38. Kb2 Qf2+ 39. Ka3
Qg1 40. Qe4+ Kg8 41. Re8+ Rxe8 42. Qxe8+ Kh7 43. Qe4+ Kh8 44. Qd5 Qf1 45. Qb7
Qc1+ 46. Kb4 Qf4+ 47. Kb5 Qc1 48. Qa8+ Kh7 49. Qe4+ Kh8 50. Qc4 Qg5 51. Ka4 Qe3
52. c6 Qxf3 53. c7 Qa8+ 54. Ba5 Qc8 55. Qb5 Qg4+ 56. Qc4 Qc8 57. Qd4 Qe8+ 58.
Ka3 Bf8+ 59. b4 Be7 60. Qd8 1-0

[Event "NAYCC U16"]
[Site "Montreal CAN"]
[Date "2010.08.17"]
[Round "4"]
[White "Sarrazin-Gendron, Roman"]
[Black "Liu, Dan"]
[Result "1-0"]
[WhiteElo "1784"]
[BlackElo "1638"]
[PlyCount "113"]
[EventDate "2010.08.16"]
[EventType "swiss"]
[EventRounds "7"]
[EventCountry "CAN"]

1. Nf3 d5 2. c4 e6 3. b3 Nf6 4. g3 Be7 5. Bg2 c6 6. Bb2 O-O 7. O-O Nbd7 8. e3
b6 9. d4 Bb7 10. Ne5 Nxe5 11. dxe5 Nd7 12. e4 dxc4 13. bxc4 Qc7 14. f4 Rad8 15.
Qg4 g6 16. Nd2 Rfe8 17. Nf3 Bf8 18. h4 Bg7 19. h5 Nf8 20. Rf2 c5 21. Nh4 Rd7
22. Raf1 Bc8 23. Bf3 Red8 24. Qh3 Rd2 25. Bg4 Rxf2 26. Rxf2 Bd7 27. hxg6 hxg6
28. Bc3 Bc8 29. Be2 Bd7 30. g4 Bc6 31. Qe3 Re8 32. Bd3 Nd7 33. Rh2 Kf8 34. Nf3
Ke7 35. Rh7 Rg8 36. Ng5 Ke8 37. Qh3 Nf8 38. Rh4 Nd7 39. Kf2 Nf8 40. Qh2 Kd8 41.
f5 exf5 42. exf5 gxf5 43. Bxf5 Qe7 44. Ne4 Bxe4 45. Bxe4 Nd7 46. Rh5 f6 47. Bd5
Rf8 48. e6 Ne5 49. Qg3 Kc7 50. Rh7 Rh8 51. Bxe5+ fxe5 52. Qxe5+ Bxe5 53. Rxe7+
Kc8 54. Rxa7 Rh2+ 55. Kf3 Kd8 56. e7+ Ke8 57. Bc6+ 1-0

[Event "NAYCC U16"]
[Site "Montreal CAN"]
[Date "2010.08.17"]
[Round "4"]
[White "Wu, Qiyou"]
[Black "Chiang, Michael"]
[Result "1/2-1/2"]
[WhiteElo "1704"]
[BlackElo "2085"]
[PlyCount "100"]
[EventDate "2010.08.16"]
[EventType "swiss"]
[EventRounds "7"]
[EventCountry "CAN"]

1. e4 e5 2. Nf3 Nc6 3. Bb5 a6 4. Bxc6 dxc6 5. d3 Qd6 6. Nbd2 Be6 7. Ng5 Bd7 8.
Nc4 Qe7 9. f4 exf4 10. Bxf4 h6 11. Nf3 O-O-O 12. Qe2 g5 13. Be5 f6 14. Bg3 Bg7
15. O-O-O Be6 16. Qe3 c5 17. Kb1 f5 18. exf5 Bxc4 19. Qxe7 Bxa2+ 20. Kxa2 Nxe7
21. Ne5 Rhf8 22. Ng6 Nxg6 23. fxg6 Rf6 24. Rhf1 Rdf8 25. Rfe1 Kd7 26. Re5 Rc6
27. Rd5+ Ke6 28. c4 Kf6 29. Rd7 Kxg6 30. Re1 h5 31. Re2 Rf7 32. Ree7 Rxe7 33.
Rxe7 h4 34. Bxc7 Bf6 35. Rd7 Re6 36. Rd6 Re2 37. Rb6 Rxg2 38. Rxb7 g4 39. Rb6
Kf5 40. Rb8 g3 41. hxg3 hxg3 42. Ka3 Rd2 43. Bxg3 Rxd3+ 44. Rb3 Ke4 45. Rxd3
Kxd3 46. b3 Bc3 47. Ka4 Bb4 48. Bc7 Kc2 49. Be5 Kd3 50. Bb2 Kc2 1/2-1/2

[Event "NAYCC U16"]
[Site "Montreal CAN"]
[Date "2010.08.18"]
[Round "5"]
[White "Calugar, Arthur"]
[Black "Sapozhnikov, Roman"]
[Result "1-0"]
[WhiteElo "2399"]
[BlackElo "2416"]
[PlyCount "159"]
[EventDate "2010.08.16"]
[EventType "swiss"]
[EventRounds "7"]
[EventCountry "CAN"]

1. e4 c5 2. Nf3 d6 3. d4 cxd4 4. Nxd4 Nf6 5. Nc3 a6 6. f3 Qb6 7. Nb3 e6 8. Qe2
Nbd7 9. Be3 Qc7 10. g4 h6 11. h4 b5 12. Bh3 Nb6 13. a4 Nc4 14. axb5 Nxb2 15.
Bd4 e5 16. b6 Qc4 17. Qxc4 Nxc4 18. Bf2 d5 19. Nxd5 Nxd5 20. exd5 Bb4+ 21. Ke2
a5 22. c3 Be7 23. Kd3 Ba6 24. Kc2 O-O 25. Bf1 Rfb8 26. b7 Rxb7 27. Bxc4 Bxc4
28. Nxa5 Bxd5 29. Nxb7 Bxb7 30. Rxa8+ Bxa8 31. Rh3 g6 32. Kd3 f5 33. gxf5 gxf5
34. Ke2 h5 35. Rh1 Bd5 36. Ra1 Kf7 37. Ra5 Bc4+ 38. Kd2 Ke6 39. Ra7 Bb5 40. Bg3
f4 41. Bf2 Bc6 42. Ra6 Kd7 43. Ra5 Ke6 44. Ke2 Bd8 45. Ra6 Kd6 46. c4 Bf6 47.
Be1 Kd7 48. Ra7+ Ke6 49. Rh7 Be8 50. Rc7 Kd6 51. Ra7 Bc6 52. Bb4+ Ke6 53. Rh7
Be8 54. Be1 Kd6 55. Rh6 Ke6 56. c5 Kf7 57. Rh7+ Bg7 58. Rxh5 Bf6 59. Rh7+ Bg7
60. Bc3 Kg6 61. Rxg7+ Kxg7 62. Bxe5+ Kg6 63. Bxf4 Bc6 64. Ke3 Bb7 65. Bg5 Kf5
66. f4 Bc6 67. Kd4 Bf3 68. Kc4 Bc6 69. Kb4 Ke6 70. Ka5 Be4 71. Kb6 Kd7 72. h5
Bd5 73. h6 Be4 74. c6+ Kc8 75. Kc5 Kc7 76. Bf6 Bb1 77. Be5+ Kd8 78. Kd6 Bf5 79.
c7+ Kc8 80. Ke7 1-0

[Event "NAYCC U16"]
[Site "Montreal CAN"]
[Date "2010.08.18"]
[Round "5"]
[White "Finney, Stuart"]
[Black "Cote-Lalumiere, Tristan"]
[Result "1-0"]
[WhiteElo "2175"]
[BlackElo "1608"]
[PlyCount "47"]
[EventDate "2010.08.16"]
[EventType "swiss"]
[EventRounds "7"]
[EventCountry "CAN"]

1. e4 c5 2. Nf3 d6 3. d4 cxd4 4. Nxd4 Nf6 5. Nc3 g6 6. Be3 Bg7 7. f3 O-O 8. Qd2
Nc6 9. Bc4 Bd7 10. h4 h5 11. O-O-O Rc8 12. Bb3 Ne5 13. Bg5 a5 14. g4 Nxf3 15.
Nxf3 Bxg4 16. Bxf6 Bxf6 17. Rdg1 Rxc3 18. bxc3 a4 19. Bc4 Qc7 20. Qd3 Rc8 21.
e5 dxe5 22. Qxg6+ Kh8 23. Bxf7 Bg7 24. Rxg4 1-0

[Event "NAYCC U16"]
[Site "Montreal CAN"]
[Date "2010.08.18"]
[Round "5"]
[White "Fisher, William"]
[Black "Gusev, Nikita"]
[Result "1/2-1/2"]
[WhiteElo "2165"]
[BlackElo "2254"]
[PlyCount "113"]
[EventDate "2010.08.16"]
[EventType "swiss"]
[EventRounds "7"]
[EventCountry "CAN"]

1. e4 c5 2. Nf3 e6 3. d4 cxd4 4. Nxd4 Nc6 5. Nc3 d6 6. Be3 Nf6 7. f3 Be7 8. g4
Nd7 9. Nxc6 bxc6 10. Qd4 O-O 11. O-O-O d5 12. Qa4 Qc7 13. exd5 exd5 14. Bf4 Qb6
15. Bd3 Nc5 16. Qd4 Ne6 17. Qxb6 axb6 18. Be5 f6 19. Bg3 d4 20. Nb1 b5 21. a3
Bd7 22. Rhe1 g6 23. h4 Rfe8 24. h5 Kg7 25. hxg6 hxg6 26. Rh1 c5 27. Rde1 Ra6
28. Nd2 c4 29. Be4 c3 30. Nb3 cxb2+ 31. Kxb2 Bxa3+ 32. Kb1 Nc5 33. Nxc5 Bxc5
34. Bb7 Ra7 35. Rxe8 Bxe8 36. Bd5 Bb4 37. Be1 Bd6 38. Bd2 g5 39. Be4 Bg6 40.
Bxg6 Kxg6 41. Rf1 f5 42. Kb2 Ra4 43. Rg1 Be7 44. Rb1 Ba3+ 45. Kb3 Bd6 46. Kb2
Bf4 47. Kc1 Be3 48. Kd1 f4 49. Be1 Ra3 50. Rxb5 Ra1+ 51. Ke2 Rc1 52. Rb2 Kf6
53. Ba5 Rh1 54. Bd8+ Kg6 55. Rb6+ Kf7 56. Rc6 d3+ 57. cxd3 1/2-1/2

[Event "NAYCC U16"]
[Site "Montreal CAN"]
[Date "2010.08.18"]
[Round "5"]
[White "Gladstone, Simon"]
[Black "Chiang, Michael"]
[Result "1-0"]
[WhiteElo "1931"]
[BlackElo "2085"]
[PlyCount "125"]
[EventDate "2010.08.16"]
[EventType "swiss"]
[EventRounds "7"]
[EventCountry "CAN"]

1. e4 e5 2. Nf3 Nc6 3. Bc4 Bc5 4. O-O Nf6 5. d4 exd4 6. e5 d5 7. exf6 dxc4 8.
fxg7 Rg8 9. Re1+ Be6 10. Bg5 Ne7 11. Nbd2 Rxg7 12. Ne4 Bb4 13. Nf6+ Kf8 14. Re4
c5 15. Bh6 Nf5 16. Bxg7+ Kxg7 17. Nh5+ Kh8 18. Nf4 Qf6 19. Nxe6 fxe6 20. Qe2
Re8 21. Re5 d3 22. cxd3 Nd4 23. Nxd4 cxd4 24. Rb5 Bd6 25. dxc4 b6 26. Rd1 Rf8
27. Rb3 Rg8 28. Qe4 e5 29. Rf3 Qe7 30. Qf5 Rg6 31. Qf7 Qg5 32. Rg3 Qh5 33. Qf3
Qxf3 34. Rxf3 Kg7 35. Rg3 Kf6 36. Kf1 Rh6 37. Rf3+ Ke6 38. h3 e4 39. Rb3 Bc5
40. Rg3 Rf6 41. f3 a5 42. Re1 e3 43. Ke2 Rf7 44. Kd3 Kf5 45. Rg4 Rd7 46. Re4
Kg5 47. h4+ Kh5 48. Rh1 Kg6 49. Rh3 Kf5 50. Rg3 h6 51. Rgg4 Rd6 52. Ref4+ Ke5
53. Re4+ Kf5 54. Rg8 Kf6 55. g4 Kf7 56. Rc8 Rf6 57. f4 Rg6 58. g5 hxg5 59. hxg5
Rg7 60. Rd8 Rh7 61. Rd7+ Kg6 62. Re6+ Kf5 63. Rf6+ 1-0

[Event "NAYCC U16"]
[Site "Montreal CAN"]
[Date "2010.08.18"]
[Round "5"]
[White "Hinson, Miles"]
[Black "Kleinman, Michael"]
[Result "0-1"]
[WhiteElo "2103"]
[BlackElo "2206"]
[PlyCount "130"]
[EventDate "2010.08.16"]
[EventType "swiss"]
[EventRounds "7"]
[EventCountry "CAN"]

1. e4 c5 2. Nf3 d6 3. d4 cxd4 4. Nxd4 Nf6 5. Nc3 g6 6. Be3 Bg7 7. f3 Nc6 8. Qd2
O-O 9. O-O-O d5 10. Qe1 e5 11. Nxc6 bxc6 12. exd5 Nxd5 13. Bc5 Bh6+ 14. Kb1
Nxc3+ 15. bxc3 Qa5 16. Bb4 Qb6 17. Ka1 c5 18. Ba3 Be6 19. c4 Rfd8 20. Rb1 Qa6
21. Bb2 f6 22. Bd3 Rab8 23. Bc3 Bxc4 24. Bxc4+ Qxc4 25. Rb3 Rxb3 26. axb3 Qd5
27. Qe4 Qxe4 28. fxe4 Be3 29. Kb2 Rd6 30. Re1 Bd4 31. Ra1 a6 32. Ra5 Be3 33.
Ka3 Kf7 34. b4 Rc6 35. b5 axb5 36. Rxb5 Rc7 37. Ba5 Rd7 38. Bb6 Rd2 39. Bxc5
Bxc5+ 40. Rxc5 Rxg2 41. Rc7+ Ke6 42. Rc6+ Ke7 43. Rc7+ Kd6 44. Rxh7 Rxc2 45.
Rh6 Rg2 46. Kb3 Rg4 47. Kc3 Rxe4 48. Rxg6 Ke6 49. Kd3 Ra4 50. Rh6 Kf5 51. h4
Ra3+ 52. Ke2 e4 53. Rh8 Kf4 54. Rf8 f5 55. h5 Rh3 56. Rh8 Kg5 57. Rg8+ Kxh5 58.
Rg2 Ra3 59. Rg8 f4 60. Kf2 Ra2+ 61. Kg1 e3 62. Rf8 Kg4 63. Rg8+ Kf3 64. Re8
Ra1+ 65. Kh2 e2 0-1

[Event "NAYCC U16"]
[Site "Montreal CAN"]
[Date "2010.08.18"]
[Round "5"]
[White "Li, Ruokai (David)"]
[Black "Sarrazin-Gendron, Roman"]
[Result "1/2-1/2"]
[WhiteElo "1597"]
[BlackElo "1784"]
[PlyCount "58"]
[EventDate "2010.08.16"]
[EventType "swiss"]
[EventRounds "7"]
[EventCountry "CAN"]

1. e4 d6 2. d4 Nf6 3. Nc3 g6 4. Be3 Bg7 5. f3 c6 6. Qd2 O-O 7. h4 h5 8. O-O-O
b5 9. Bh6 Qa5 10. Bxg7 Kxg7 11. Qg5 Nbd7 12. e5 dxe5 13. dxe5 Nh7 14. Qxe7 b4
15. Nb1 Nxe5 16. g4 Nf6 17. gxh5 Nxh5 18. Re1 Nd7 19. Bd3 Qc5 20. Nd2 Qxe7 21.
Rxe7 Kf6 22. Re1 Ne5 23. Ne4+ Kg7 24. Nc5 Re8 25. Be4 Kf8 26. Rh2 f5 27. Bd3
Nf4 28. Rd1 Be6 29. h5 Nexd3+ 1/2-1/2

[Event "NAYCC U16"]
[Site "Montreal CAN"]
[Date "2010.08.18"]
[Round "5"]
[White "Liu, Dan"]
[Black "Wu, Qiyou"]
[Result "1/2-1/2"]
[WhiteElo "1638"]
[BlackElo "1704"]
[PlyCount "104"]
[EventDate "2010.08.16"]
[EventType "swiss"]
[EventRounds "7"]
[EventCountry "CAN"]

1. e4 c5 2. Nc3 Nc6 3. g3 g6 4. Bg2 Bg7 5. d3 d6 6. Be3 e6 7. Nge2 Nge7 8. Qd2
Nd4 9. Nd1 Rb8 10. Nc1 b5 11. c3 Ndc6 12. Bh6 O-O 13. h4 Ne5 14. h5 Ng4 15.
Bxg7 Kxg7 16. Qg5 f5 17. hxg6 hxg6 18. Ne2 Ng8 19. Qxd8 Rxd8 20. f3 Ne5 21. Nf2
Nf6 22. f4 Nf7 23. exf5 gxf5 24. Bf3 Bb7 25. Bxb7 Rxb7 26. O-O-O b4 27. b3 Nd5
28. Kd2 bxc3+ 29. Nxc3 Nxc3 30. Kxc3 e5 31. Rde1 Re7 32. g4 Kf6 33. fxe5+ Rxe5
34. gxf5 Kxf5 35. Nd1 Ke6 36. Nb2 Kd5 37. Nc4 Rxe1 38. Rxe1 Ne5 39. Nxe5 dxe5
40. a4 Rg8 41. Re4 Rc8 42. Re1 Rc7 43. Re2 Rf7 44. Re1 Rf3 45. Re2 Rf1 46. Re4
Rf4 47. Re1 Ke6 48. Re4 Kf5 49. Rc4 Rf1 50. Rxc5 Kf4 51. Rc4+ Kf5 52. Rc5 Kf4
1/2-1/2

[Event "NAYCC U16"]
[Site "Montreal CAN"]
[Date "2010.08.18"]
[Round "5"]
[White "Ng, Andrew"]
[Black "Fikiet, Alex"]
[Result "1-0"]
[WhiteElo "2200"]
[BlackElo "2223"]
[PlyCount "51"]
[EventDate "2010.08.16"]
[EventType "swiss"]
[EventRounds "7"]
[EventCountry "CAN"]

1. e4 e5 2. Nf3 Nc6 3. Bc4 Bc5 4. c3 Nf6 5. d3 d6 6. Bb3 a6 7. Nbd2 O-O 8. h3
b5 9. Nf1 Bb6 10. Be3 Ne7 11. Bxb6 cxb6 12. Ne3 Bb7 13. O-O Ng6 14. Re1 h6 15.
Nf5 Re8 16. N3h4 Nxh4 17. Nxh4 Nd7 18. Qh5 Qf6 19. Re3 d5 20. Rf3 Qe6 21. Nf5
Kh7 22. exd5 Bxd5 23. Bxd5 Qxd5 24. Nxh6 f6 25. Nf5+ Kg8 26. Qg6 1-0

[Event "NAYCC U16"]
[Site "Montreal CAN"]
[Date "2010.08.18"]
[Round "5"]
[White "Zhou, Joseph"]
[Black "Langlois-Remillard, Alexis"]
[Result "1-0"]
[WhiteElo "1398"]
[BlackElo "1090"]
[PlyCount "79"]
[EventDate "2010.08.16"]
[EventType "swiss"]
[EventRounds "7"]
[EventCountry "CAN"]

1. d4 d5 2. c4 e6 3. Nf3 Nf6 4. Nc3 Nbd7 5. e3 c6 6. Be2 Be7 7. O-O O-O 8. b3
dxc4 9. bxc4 c5 10. Re1 Qc7 11. Qb3 cxd4 12. exd4 b6 13. Bd2 Bb7 14. Rac1 Rac8
15. h3 Bxf3 16. Nb5 Qb8 17. Bxf3 a6 18. Nc3 Qc7 19. Ne4 Rfd8 20. Be3 Nxe4 21.
Bxe4 Bf6 22. Qc2 g6 23. Qe2 Nb8 24. Red1 Rd7 25. d5 Rcd8 26. Qf3 Bg7 27. Bg5
Rc8 28. Qb3 Rd6 29. Be3 Nd7 30. dxe6 Rxe6 31. Bd5 Ree8 32. Qa4 a5 33. Bxf7+
Kxf7 34. Rxd7+ Qxd7 35. Qxd7+ Kg8 36. Bxb6 Ra8 37. c5 Bd4 38. Qxd4 Rec8 39. Re1
a4 40. Re7 1-0

[Event "NAYCC U16"]
[Site "Montreal CAN"]
[Date "2010.08.18"]
[Round "6"]
[White "Cote-Lalumiere, Tristan"]
[Black "Wu, Qiyou"]
[Result "0-1"]
[WhiteElo "1608"]
[BlackElo "1704"]
[PlyCount "102"]
[EventDate "2010.08.16"]
[EventType "swiss"]
[EventRounds "7"]
[EventCountry "CAN"]

1. e4 c5 2. Nf3 d6 3. d4 cxd4 4. Nxd4 Nf6 5. Nc3 g6 6. Be2 Bg7 7. Be3 Nc6 8.
O-O O-O 9. Kh1 Bd7 10. f4 a6 11. Bf3 Rc8 12. h3 b5 13. a3 Na5 14. g4 Nc4 15.
Qc1 Nxe3 16. Qxe3 Ne8 17. Rad1 Rc4 18. Be2 Rc8 19. a4 b4 20. Nd5 a5 21. Bb5
Bxb5 22. Nxb5 Rxc2 23. Rc1 Rxc1 24. Rxc1 Nf6 25. Ndc7 Qb8 26. g5 Nd7 27. Nd5 e6
28. Ne7+ Kh8 29. Rc7 Nc5 30. f5 Nxa4 31. f6 Qxb5 32. Qf4 Qe5 33. Qh4 Qxb2 34.
Nxg6+ fxg6 35. Rxg7 Qc1+ 36. Kh2 Qd2+ 37. Kh1 Qd1+ 38. Kh2 Qh5 39. Qf2 Qxg5 40.
Rxh7+ Kxh7 41. Qa7+ Kh6 42. Qg7+ Kh5 43. Qxf8 Qf4+ 44. Kg2 Qxe4+ 45. Kh2 Qf4+
46. Kg2 Nc5 47. f7 Qe4+ 48. Kg3 Qe5+ 49. Kg2 Ne4 50. Qa8 Qg3+ 51. Kf1 Qf2# 0-1

[Event "NAYCC U16"]
[Site "Montreal CAN"]
[Date "2010.08.18"]
[Round "6"]
[White "Fikiet, Alex"]
[Black "Li, Ruokai (David)"]
[Result "1-0"]
[WhiteElo "2223"]
[BlackElo "1597"]
[PlyCount "69"]
[EventDate "2010.08.16"]
[EventType "swiss"]
[EventRounds "7"]
[EventCountry "CAN"]

1. d4 f5 2. Nc3 Nf6 3. Bg5 d5 4. Bxf6 exf6 5. e3 c6 6. Bd3 Bd6 7. Qf3 g6 8.
Nge2 Nd7 9. h3 Nf8 10. g4 fxg4 11. hxg4 Bd7 12. Nf4 Rg8 13. O-O-O Qe7 14. Ncxd5
cxd5 15. Nxd5 Qf7 16. Nxf6+ Kd8 17. c4 Bxg4 18. Qxg4 Qxf6 19. c5 Rc8 20. Kb1
Bb8 21. f4 h5 22. Rxh5 Rg7 23. Rg5 Re7 24. Rd5+ Kc7 25. Rd6 Qf7 26. e4 Ne6 27.
f5 gxf5 28. exf5 Nd8 29. f6 Rd7 30. Qg3 Nc6 31. d5 Kd8 32. Rxd7+ Kxd7 33. Bf5+
Ke8 34. Qe3+ Ne5 35. d6 1-0

[Event "NAYCC U16"]
[Site "Montreal CAN"]
[Date "2010.08.18"]
[Round "6"]
[White "Finney, Stuart"]
[Black "Gladstone, Simon"]
[Result "1-0"]
[WhiteElo "2175"]
[BlackElo "1739"]
[PlyCount "113"]
[EventDate "2010.08.16"]
[EventType "swiss"]
[EventRounds "7"]
[EventCountry "CAN"]

1. e4 e6 2. d4 d5 3. Nd2 Be7 4. Ngf3 dxe4 5. Nxe4 Nf6 6. Nxf6+ Bxf6 7. Bd3 O-O
8. c3 Nc6 9. Qc2 h6 10. Bf4 Re8 11. O-O-O Qd5 12. Kb1 Qa5 13. Be4 Bd7 14. g4
Rad8 15. h4 e5 16. g5 exf4 17. d5 Rxe4 18. Qxe4 Ne7 19. Ka1 Bf5 20. Qe2 Bxc3
21. Qxe7 Rxd5 22. Qe2 Rb5 23. Rd8+ Kh7 24. g6+ Bxg6 25. Ng5+ Rxg5 26. hxg5 Qxg5
27. Rb8 Bf6 28. Rd1 b6 29. Qe8 Bc2 30. Re1 Kg6 31. Qc6 Bd3 32. Rb7 Qh4 33. Qg2+
Qg5 34. Qc6 Qh4 35. Qf3 Bf5 36. Rxc7 Qg4 37. Qh1 Qh4 38. Rg1+ Kh7 39. Qxh4 Bxh4
40. Rxf7 Bf6 41. Rxa7 h5 42. a4 Kh6 43. Ra6 Bd4 44. a5 Bd3 45. Rxb6+ Bxb6 46.
axb6 Ba6 47. Kb1 Bb7 48. Rd1 h4 49. Rd8 g5 50. Kc1 Kg6 51. Rh8 Kg7 52. Rb8 h3
53. Rxb7+ Kg6 54. Rd7 h2 55. Rd1 g4 56. b7 g3 57. fxg3 1-0

[Event "NAYCC U16"]
[Site "Montreal CAN"]
[Date "2010.08.18"]
[Round "6"]
[White "Fisher, William"]
[Black "Ng, Andrew"]
[Result "1-0"]
[WhiteElo "2165"]
[BlackElo "2200"]
[PlyCount "95"]
[EventDate "2010.08.16"]
[EventType "swiss"]
[EventRounds "7"]
[EventCountry "CAN"]

1. d4 d5 2. c4 e6 3. Nc3 Nf6 4. cxd5 exd5 5. Bg5 Be7 6. e3 O-O 7. Bd3 Nbd7 8.
Nf3 c6 9. Qc2 Re8 10. O-O Nf8 11. Rab1 Nh5 12. Bxe7 Qxe7 13. b4 Be6 14. Na4
Rac8 15. Nc5 g6 16. Qa4 b6 17. Nxe6 Nxe6 18. Ne5 c5 19. Bb5 Rf8 20. bxc5 bxc5
21. dxc5 Nxc5 22. Qd4 Nf6 23. Nc6 Qd6 24. Rfc1 Ncd7 25. Qxa7 Ra8 26. Qd4 Rxa2
27. Nb4 Ra5 28. Bxd7 Nxd7 29. e4 Qf6 30. Qd2 d4 31. Nd5 Rxd5 32. exd5 Qe5 33.
Rb4 Nf6 34. Qxd4 Qxd4 35. Rxd4 Rd8 36. d6 Kf8 37. f3 Ne8 38. Rcd1 Rd7 39. Kf2
f6 40. g4 Kf7 41. h4 Ke6 42. Re4+ Kf7 43. Red4 h6 44. f4 h5 45. gxh5 gxh5 46.
Rd5 Ng7 47. Rc5 Ke6 48. f5+ 1-0

[Event "NAYCC U16"]
[Site "Montreal CAN"]
[Date "2010.08.18"]
[Round "6"]
[White "Gusev, Nikita"]
[Black "Kleinman, Michael"]
[Result "1/2-1/2"]
[WhiteElo "2254"]
[BlackElo "2206"]
[PlyCount "56"]
[EventDate "2010.08.16"]
[EventType "swiss"]
[EventRounds "7"]
[EventCountry "CAN"]

1. e4 c5 2. Nf3 d6 3. d4 cxd4 4. Nxd4 Nf6 5. Nc3 g6 6. Be2 Bg7 7. O-O O-O 8.
Bg5 Nc6 9. Nb3 Be6 10. Re1 a5 11. Bb5 Rc8 12. Nd5 Bxd5 13. exd5 Na7 14. a4 Nxb5
15. axb5 Qd7 16. Qd3 h6 17. Bxf6 Bxf6 18. c3 b6 19. Ra4 h5 20. Nd4 Bxd4 21.
Rxd4 Rfe8 22. b3 e5 23. dxe6 Rxe6 24. Rxe6 Qxe6 25. c4 Qe1+ 26. Qf1 Re8 27. g3
Qb4 28. Qd3 Re6 1/2-1/2

[Event "NAYCC U16"]
[Site "Montreal CAN"]
[Date "2010.08.18"]
[Round "6"]
[White "Langlois-Remillard, Alexis"]
[Black "Qin, Kai Long"]
[Result "1-0"]
[WhiteElo "1090"]
[BlackElo "1139"]
[PlyCount "79"]
[EventDate "2010.08.16"]
[EventType "swiss"]
[EventRounds "7"]
[EventCountry "CAN"]

1. c4 f5 2. d4 g6 3. Nf3 Bg7 4. g3 Nf6 5. Bg2 O-O 6. O-O d6 7. Nc3 Nbd7 8. Bf4
Nh5 9. Be3 e5 10. Ng5 Nb6 11. dxe5 h6 12. Bd5+ Nxd5 13. Qxd5+ Kh8 14. Nf7+ Rxf7
15. Qxf7 f4 16. Bxf4 Nxf4 17. Qxf4 Bh3 18. Rfd1 g5 19. Qe3 Bxe5 20. c5 Qd7 21.
cxd6 cxd6 22. Rd2 Qg7 23. Rad1 Rd8 24. Qxa7 Qc7 25. Qe3 Rf8 26. f3 d5 27. Nxd5
Qb8 28. f4 gxf4 29. Nxf4 Bxf4 30. gxf4 Rg8+ 31. Kf2 Rf8 32. Rd4 Bg4 33. Rg1 Bh5
34. Qg3 Qc7 35. Rc4 Qe7 36. Qc3+ Kh7 37. Rc7 Rxf4+ 38. Ke1 Re4 39. Rxe7+ Rxe7
40. Qd3+ 1-0